Teoretické a legislatívne aspekty ochrany vkladov na Slovensku

Bibliographic Details
Main Authors: Tkáčová, Dana (Author), Fifek, Eduard (Author), Fifeková, Elena, 1953- (Author)
Format: Article
Language:Slovak
ISSN:1336-1732
Subjects:

MARC

LEADER 00000nab a2200000 a 4500
001 vtls008691396
003 SK-MaSNL
005 20260304135503.0
008 250505c2005 xo qr|p|||||||000 b|slo
015 |a SNBRB2006/04  |2 snkbucl 
035 |a (uuid)ca32c62f-b1ca-4e28-bc73-7702a881e6e6 
035 |a urn:nbn:sk:snk-abx0m 
035 |a (urnnbn)urn:nbn:sk:snk:ar-a04k8j 
038 |a SNKBUCL 
040 |a SNKBUCL  |b slo  |c SNKBUCL  |e AACR2 
041 0 |a slo  |b eng 
044 |a xo  |c SK 
080 |a 336.717.132.2:336.711.61:368.811.027  |2 1997 
080 |a 336.711.61:061.2  |2 1997 
080 |a 368.811.027  |2 1997 
080 |a 336.78  |2 1997 
100 1 |a Tkáčová, Dana  |4 aut  |9 12002 
245 1 0 |a Teoretické a legislatívne aspekty ochrany vkladov na Slovensku  |c Dana Tkáčová, Eduard Fifek, Elena Fifeková 
504 |a Bibliogr. odkazy 
546 |a Res. angl., slov. 
610 2 7 |a Fond ochrany vkladov (Slovensko)  |2 snkbucl  |9 848088 
650 0 7 |a peňažné vklady  |2 snkbucl  |9 739633 
650 0 7 |a ochrana vkladov  |2 snkbucl  |9 300135 
650 0 7 |a úroky  |2 snkbucl  |9 13916 
650 0 7 |a komerčné banky  |2 snkbucl  |9 3665 
700 1 |a Fifek, Eduard  |4 aut  |9 1454765 
700 1 |a Fifeková, Elena,  |d 1953-  |4 aut  |9 216272 
773 0 |t Nová ekonomika = The New Economy  |g Roč. 4., č. 4 (13) (2005), s. 124-130  |x 1336-1732 
850 |a Slovenská národná knižnica 
852 |a Slovenská národná knižnica 
954 |a odborná, vedecká literatúra pôvodná (slovenská)  |2 lita 
958 |a article2022 
958 |a NB 
958 |a OND 
958 |a EUIPO 
999 |c 2910952  |d 2912882